|
|
|
|
| LEADER |
00000nam a2200000 a 4500 |
| 001 |
vtls009085698 |
| 003 |
SK-MaSNL |
| 005 |
20260301210356.0 |
| 008 |
240314s2007 xr n 000 0bcze |
| 015 |
|
|
|a SNBZSA2008-00221
|
| 020 |
|
|
|a 9788087016039
|q (brož.)
|
| 035 |
|
|
|a B2C84BC1-6DCC-441E-B3F3-4B53C80FC4BD
|
| 035 |
|
|
|a urn:nbn:sk:snk-aml6pw
|
| 035 |
|
|
|a urn:nbn:sk:snk-am008udd
|
| 040 |
|
|
|a SNK
|b slo
|c SNK
|e AACR2
|
| 041 |
0 |
|
|a cze
|
| 043 |
|
|
|a e-xo---
|
| 044 |
|
|
|a xr
|c CZ
|
| 072 |
|
7 |
|a 070
|x Noviny. Tlač
|2 konspekt
|
| 072 |
|
7 |
|a 929
|x Biografie
|2 konspekt
|
| 080 |
|
|
|a 32-051
|x "1847/1855"
|2 2001
|
| 080 |
|
|
|a 929 Štúr, Ľudovít
|2 2001
|
| 080 |
|
|
|a 070:32
|x (093)
|2 2001
|
| 080 |
|
|
|a 81:929:811.162.4
|2 2001
|
| 080 |
|
|
|a 82:929:821.162.4
|2 2001
|
| 100 |
1 |
|
|a Sojková, Zdenka,
|d 1921-2014
|4 aut
|9 88150
|
| 245 |
1 |
0 |
|a Na rozhraní dvou věků
|b k politické publicistice Ľudovíta Štúra z let 1847-55
|c Zdenka Sojková
|
| 250 |
|
|
|a 1. vyd.
|
| 260 |
|
|
|a Praha
|b Slovensko-český klub
|c 2007
|
| 300 |
|
|
|a 184 s.
|c 21 cm
|
| 490 |
1 |
|
|a Edice Slovenských dotyků
|
| 504 |
|
|
|a Bibliogr. odkazy
|
| 600 |
1 |
7 |
|a Štúr, Ľudovít,
|d 1815-1856
|2 SNKMA
|9 92872
|
| 648 |
|
7 |
|a 1847-1855
|2 SNK
|9 593784
|
| 650 |
0 |
7 |
|a politická publicistika
|2 SNKPH
|9 67566
|
| 651 |
|
7 |
|a Slovensko
|x dejiny
|2 SNKPHgeo
|9 13278
|
| 830 |
|
0 |
|a Edice Slovenských dotyků
|9 536027
|
| 919 |
|
|
|a 978-80-87016-03-9
|
| 958 |
|
|
|a ZS
|
| 958 |
|
|
|a BX
|
| 958 |
|
|
|a NB
|
| 958 |
|
|
|a SS
|
| 958 |
|
|
|a OND
|
| 999 |
|
|
|c 913421
|d 915351
|
| 952 |
|
|
|a SNK
|b SNK
|y PREZ
|7 0
|p 17A0561786
|o snkSC 129090
|i snk2007/19459
|8 2
|g 5.48
|0 0
|1 0
|4 0
|d 2007-08-07
|f 1
|l 0
|r 2025-06-18 00:00:00
|w 2026-02-24
|
| 952 |
|
|
|a SNK
|b SNK
|y VYP
|7 0
|p 17A1029058
|o snkSC 129090 D1
|i snk2014/14057
|8 1
|0 0
|1 0
|4 0
|d 2014-06-18
|l 0
|r 2026-02-24 07:50:37
|w 2026-02-24
|
| 952 |
|
|
|a SNK
|b SNK
|y VYP
|7 0
|p 17A1029059
|o snkSC 129090 D2
|i snk2014/14058
|8 1
|0 0
|1 0
|4 0
|d 2014-06-18
|l 0
|r 2026-02-24 07:50:37
|w 2026-02-24
|